| 000 | 00708nam a2200229 a 4500 | ||
|---|---|---|---|
| 001 | BRL_1509 | ||
| 005 | 20190320211235.0 | ||
| 008 | 130214c----1950mx-ao#####---#000-0#spa-# | ||
| 041 | _aspa | ||
| 044 | _amx | ||
| 050 | 4 |
_aF1435.1.B6 _b.F73 1950 |
|
| 100 | 1 |
_aFranco Torrijos, Enrique _9625 |
|
| 245 | 1 | 0 |
_aOdisea en Bonampak _bnarración inédita de una azaroza expedición _cEnrique Franco Torrijos. |
| 260 |
_aMéxico _bArtes gráficas _c1950 |
||
| 300 |
_axi, 154 p. _bil., mapas _c19 cm. |
||
| 500 | _aAu1709 | ||
| 500 | _aIncluye dedicatoria a Ruth Lechuga | ||
| 651 | 4 |
_aBonampak (México) _927127 |
|
| 651 | 4 |
_aChiapas (México) _xDescripciones y viajes _927128 |
|
| 902 | _aGRL | ||
| 942 |
_2lcc _cB |
||
| 999 |
_c10319 _d10319 |
||